Pergamí - 1570 : venda de terres de vinya situades a Collblanc venda de terres de vinya situades a Collblanc
Descripción Física:
[20] p. : il., col. ; 30 cm
MARC
| LEADER | 00000nam a2200000Ia 4500 | ||
|---|---|---|---|
| 001 | 12273 | ||
| 008 | 160829s1999 xx 000 0 cat d | ||
| 080 | |a FU-28-21 | ||
| 245 | |a Pergamí - 1570 : |b venda de terres de vinya situades a Collblanc | ||
| 260 | |a Hospitalet de Llobregat : |b Ajuntament de l'Hospitalet, Àrea d'Educació i Cultura, |c 1999 | ||
| 300 | |a [20] p. : |b il., col. ; |c 30 cm | ||
| 590 | |a Transcripció literal, traducció i fotografies del pergamí cedit a l'Arxiu Històric per l'Arxiu de l'Hospitalet per la Sra. Marta de Planell i Mas | ||
| 650 | |a Manuscrits |x Collblanc |x 1570 |9 28056 | ||
| 650 | |a Collblanc |x Història |x S. XVI |x Fonts |9 28057 | ||
| 710 | 1 | |a Hospitalet de Llobregat (Catalunya). |b Àrea d'Educació i Cultura |9 55527 | |
| 901 | |a Arxiu | ||
| 942 | |n 1 | ||
| 952 | |0 0 |1 0 |4 0 |6 FU2821 |7 1 |9 44648 |a Arxiu |b Arxiu |d 2016-12-01 |l 0 |o FU-28-21 |p 12273 |r 2016-12-01 00:00:00 |w 2016-12-01 |y ARXIU | ||
| 999 | |c 47229 |d 47229 | ||